Statystyki dla STOLICE PAŃSTW NIEUZNAWANYCH

Kliknij tutaj aby rozwiązać quiz!

Ogólne statystyki

  • Ten quiz został rozwiązany 188 razy
  • Średni wynik to 4 z 12

Statystyki odpowiedzi

PAŃSTWOSTOLICA% Poprawnych
KosowoPrisztina
89%
Doniecka Republika LudowaDonieck
70%
Republika Chińska (Tajwan)Tajpej
66%
Ługańska Republika LudowaŁugańsk
60%
NaddniestrzeTyraspol
54%
PalestynaRamallah
18%
Sahara ZachodniaAl Ujun
17%
AbchazjaSuchumi
15%
Cypr PółnocnyNikozja Północna
14%
Osetia PołudniowaCchinwali
10%
Górski KarabachStepanakert
10%
SomalilandHargejsa
6%

Rozkład punktacji

Percentyl według liczby udzielonych odpowiedzi

Procent ludzi z każdym wynikiem

Twoja historia wyników

Nie rozwiązałeś tego quizu